01253nam a2200301Ia 4500001001200000003000800012006001900020007001500039008004100054020001800095020001800113040002100131035002100152050002200173100004900195245012400244260005200368300001500420490005000435504004100485533015200526650002900678650002100707655002900728710001700757830005100774856012600825ebr10687684CaPaEBRm u cr cn|||||||||130305s2013 ne sb 000 0 eng d z9789462091443 z9789462091467 aCaPaEBRcCaPaEBR a(OCoLC)82892256814aGE70b.N38 2013eb1 aClover, Darlene E.q(Darlene Elaine),d1958-14aThe nature of transformationh[electronic resource] :benvironmental adult education /cDarlene E. Clover ... [et al.]. aRotterdam ;aBoston :bSensePublishers,cc2013. axi, 128 p.1 aInternational issues in adult education ;v11 aIncludes bibliographical references. aElectronic reproduction.bPalo Alto, Calif. :cebrary,d2013.nAvailable via World Wide Web.nAccess may be limited to ebrary affiliated libraries. 0aEnvironmental education. 0aAdult education. 7aElectronic books.2local2 aebrary, Inc. 0aInternational issues in adult education ;v11.40uhttp://site.ebrary.com/lib/rucke/Doc?id=10687684zAn electronic book accessible through the World Wide Web; click to view